[Event "Titled Tuesday intern op 21st May Early"]
[Site "Chess.com INT"]
[Date "2024.05.21"]
[Round "1"]
[White "Kvaloy, Aksel Bu"]
[Black "Omariev, Maksim"]
[Result "1/2-1/2"]
[WhiteElo "2454"]
[BlackElo "2304"]
[PlyCount "219"]
[EventDate "2024.05.21"]
[EventType "swiss (blitz)"]
[EventRounds "11"]
[EventCountry "USA"]
[SourceTitle "CB22_2024"]
[SourceDate "2024.05.29"]
[SourceVersion "1"]
[SourceVersionDate "2024.05.29"]
[SourceQuality "1"]

1. d4 h5 2. e4 h4 3. Bg5 h3 4. Nxh3 d5 5. e5 Bxh3 6. gxh3 c5 7. c3 Nc6 8. Bb5 Qb6 9. Bxc6+ Qxc6 10. Qd3 0-0-0 11. Nd2 Kb8 12. h4 Rc8 13. 0-0-0 cxd4 14. Qxd4 e6 15. Kb1 Nh6 16. Nf3 Nf5 17. Qf4 Bc5 18. Qd2 Qb6 19. Nd4 Bxd4 20. cxd4 Rc4 21. Be3 Rxh4 22. b3 Rh8 23. Qb2 Rc7 24. Rc1 Rxc1+ 25. Kxc1 Qb4 26. Qd2 Qa3+ 27. Qb2 Qb4 28. Qd2 Qb5 29. Kb2 Rh4 30. Qc3 a6 31. Rc1 Qd7 32. Rh1 Rh3 33. Qd2 Qc6 34. Rc1 Qb6 35. Rh1 a5 36. a4 Qd8 37. Qe2 b6 38. Qg4 Rh4 39. Qd1 Kb7 40. Qd3 Qh8 41. Rc1 Rxh2 42. Qb5 Qd8 43. Qc6+ Ka7 44. Ka3 Rh4 45. Qc7+ Qxc7 46. Rxc7+ Ka6 47. Rxf7 Nxd4 48. Bxd4 Rxd4 49. Rxg7 Rf4 50. Rg6 Rxf2 51. Rxe6 d4 52. Rd6 Rf4 53. e6 Re4 54. Kb2 Kb7 55. Kc2 Kc7 56. Rd7+ Kc6 57. Kd3 Rxe6 58. Rxd4 Rh6 59. Kc4 Rg6 60. Rh4 Rf6 61. Rg4 Rh6 62. Re4 Rg6 63. Rh4 Rf6 64. b4 axb4 65. Kxb4 Rg6 66. Rh8 Rg4+ 67. Kb3 Rf4 68. Rc8+ Kb7 69. Rc3 Ka6 70. Rd3 Rg4 71. Rd8 Rg3+ 72. Kb4 Rg4+ 73. Kb3 Rg3+ 74. Kb2 Ka5 75. Rd4 Rh3 76. Kc2 Ra3 77. Rd8 Rxa4 78. Kb3 Rh4 79. Rd5+ b5 80. Rd1 Rh3+ 81. Kb2 Ka4 82. Kb1 Kb3 83. Rf1 b4 84. Rd1 Rg3 85. Rh1 Ka3 86. Rf1 b3 87. Rh1 Rf3 88. Re1 Rf2 89. Rh1 Rb2+ 90. Ka1 Ra2+ 91. Kb1 Rg2 92. Rf1 Kb4 93. Rh1 Rg4 94. Rf1 Rg3 95. Rh1 Kc3 96. Rc1+ Kb4 97. Rh1 Rg2 98. Rf1 Kc3 99. Rc1+ Kd3 100. Rd1+ Kc4 101. Rh1 Rf2 102. Rg1 Kb4 103. Rg4+ Ka3 104. Rg1 Rb2+ 105. Ka1 Ra2+ 106. Kb1 Rf2 107. Rh1 Rg2 108. Rf1 Rh2 109. Rg1 Rf2 110. Rh1 1/2-1/2

[Event "NOR-chT Club"]
[Site "Drammen"]
[Date "2024.05.12"]
[Round "5.1"]
[White "Agdestein, Simen"]
[Black "Kvaloy, Aksel Bu"]
[Result "1/2-1/2"]
[WhiteElo "2561"]
[BlackElo "2455"]
[PlyCount "106"]
[EventDate "2024.05.09"]
[EventType "team-swiss"]
[EventRounds "6"]
[EventCountry "NOR"]
[SourceTitle "CB21_2024"]
[SourceDate "2024.05.22"]
[SourceVersion "1"]
[SourceVersionDate "2024.05.22"]
[SourceQuality "1"]
[WhiteTeam "Oslo Schakselskap"]
[BlackTeam "Stavanger"]
[WhiteTeamCountry "NOR"]
[BlackTeamCountry "NOR"]

1. c4 e5 2. Nc3 Bb4 3. Qc2 Nf6 4. a3 Bxc3 5. Qxc3 Qe7 6. Nf3 Nc6 7. b4 d5 8. cxd5 Nxd5 9. Qb2 a6 10. g3 0-0 11. Bg2 e4 12. Nd4 Nxd4 13. Qxd4 Nf6 14. Bb2 Bf5 15. 0-0 Rad8 16. Qc3 Rd6 17. Rac1 Rfd8 18. Qxc7 Qxc7 19. Rxc7 Rxd2 20. Bxf6 gxf6 21. e3 R8d7 22. Rc4 b5 23. Rc5 R7d5 24. Rxd5 Rxd5 25. g4 Bxg4 26. Bxe4 Rd2 27. Ra1 Be6 28. Bb7 Rd6 29. h4 Kg7 30. Kh2 Bc4 31. Kg3 Rb6 32. Bf3 a5 33. Kf4 Ra6 34. Rg1+ Kf8 35. Bb7 Ra7 36. Be4 h6 37. f3 axb4 38. axb4 Ra4 39. Rb1 Ra2 40. Bf5 Ke7 41. e4 h5 42. Bc8 Rh2 43. Kg3 Ra2 44. Kf4 Ra3 45. Rb2 Rd3 46. Bh3 Rd1 47. Bg2 Be6 48. Ke3 Bc4 49. f4 f5 50. exf5 Rd3+ 51. Ke4 Rd1 52. Ke3 Rd3+ 53. Ke4 Rd1 1/2-1/2

[Event "NOR-chT Club"]
[Site "Drammen"]
[Date "2024.05.11"]
[Round "4.1"]
[White "Hammari, Vinjar"]
[Black "Kvaloy, Aksel Bu"]
[Result "0-1"]
[WhiteElo "2168"]
[BlackElo "2455"]
[PlyCount "132"]
[EventDate "2024.05.09"]
[EventType "team-swiss"]
[EventRounds "6"]
[EventCountry "NOR"]
[SourceTitle "CB21_2024"]
[SourceDate "2024.05.22"]
[SourceVersion "1"]
[SourceVersionDate "2024.05.22"]
[SourceQuality "1"]
[WhiteTeam "Alta"]
[BlackTeam "Stavanger"]
[WhiteTeamCountry "NOR"]
[BlackTeamCountry "NOR"]

1. e4 e5 2. Nf3 Nc6 3. Nc3 Nf6 4. d4 Bb4 5. dxe5 Nxe4 6. Qd3 d5 7. exd6 0-0 8. d7 Qxd7 9. Bd2 Nxd2 10. Qxd2 Re8+ 11. Be2 Qxd2+ 12. Kxd2 Bf5 13. Rae1 Bc5 14. Rhf1 Nb4 15. Bd1 Rxe1 16. Nxe1 Rd8+ 17. Kc1 Re8 18. a3 Nc6 19. Be2 Ne5 20. h3 Bd7 21. Nf3 Bc6 22. Nxe5 Rxe5 23. f3 g6 24. Ne4 Be3+ 25. Kd1 Kg7 26. Bd3 Bd4 27. Kc1 f5 28. Nd2 h5 29. Nc4 Re8 30. c3 Bf6 31. g4 fxg4 32. hxg4 h4 33. Nd2 Bg5 34. Kc2 Bf4 35. Rh1 g5 36. Ne4 a5 37. b3 b6 38. a4 Rd8 39. Rh3 Bd5 40. c4 Bxe4 41. fxe4 Kf6 42. Rf3 Ke5 43. Kc3 c5 44. Kc2 Rd4 45. Kd1 Rd8 46. Kc2 Rh8 47. Bf1 Kxe4 48. Bg2 Ke5 49. Rd3 Bg3 50. Re3+ Kf6 51. Kd3 Bf4 52. Rh3 Ke5 53. Bd5 Bg3 54. Ke3 Rf8 55. Bf3 Rd8 56. Bd5 Rf8 57. Bf3 Bf4+ 58. Kd3 Bc1 59. Kc2 Be3 60. Kd3 Bc1 61. Kc2 Rxf3 62. Rxf3 Ke4 63. Rf1 Bf4 64. Kd1 Ke3 65. Rh1 Kf2 66. Re1 h3 0-1